History Channel Shows Quiz Stats

 Plays Quiz not verified by Sporcle

Score 0/11 Timer 05:00
0 Plays Today
% Correct
Pawn Stars
98.1%
American Pickers
69.2%
Swamp People
53.8%
Ice Road Truckers
38.5%
Ax Men
26.9%
MonsterQuest
7.7%
America the Story of Us
3.8%
Life After People
1.9%
IRT Deadliest Roads
0%
How the Earth was made
0%
WWII in HD
0%

You're not logged in!

Compare scores with friends on all Sporcle quizzes.
OR
Log In

Show Comments

Extras

Created Oct 16, 2010ReportNominate

Top Quizzes Today


Score Distribution

Your Account Isn't Verified!

In order to create a playlist on Sporcle, you need to verify the email address you used during registration. Go to your Sporcle Settings to finish the process.

Report this User

Report this user for behavior that violates our Community Guidelines.

Details: